TV Show Phonetic Name Match II Quiz Stats

 Plays Quiz not verified by Sporcle

Support Sporcle.
Go Orange.
Score 0/10 Timer 01:00
0 Plays Today
% Correct
ðə
87.9%
ˈbɹeɪkɪŋ
83%
saʊθ
79.5%
ˈboʊdʒæk
73.6%
ˈdɑktəɹ
73%
blæk
69.6%
ˈpiki
65.9%
sɛks
58.8%
ˈkɪlɪŋ
54.5%
ˌkɔɹəˈneɪʃən
45.3%

You're not logged in!

Compare scores with friends on all Sporcle quizzes.
OR
Log In

From the Vault

Monty Python's Bravely Bold Sir Robin Lyrics

by gregoryshipp22

That's... that's, uh. That's enough music for now, lads.
Remove Ads.
Support Sporcle.
Get the best of Sporcle when you Go Orange. This ad-free experience offers more features, more stats, and more fun while also helping to support Sporcle. Thank you for becoming a member.

Show Comments

Extras

Top Quizzes Today


Score Distribution

Your Account Isn't Verified!

In order to create a playlist on Sporcle, you need to verify the email address you used during registration. Go to your Sporcle Settings to finish the process.

Report this User

Report this user for behavior that violates our Community Guidelines.

Details: